000 00463nam a2200193Ia 4500
005 20230720103525.0
008 131103s9999 xx 000 0 und d
020 _a586046100
040 _aLoreto College
041 _aEnglish
082 _aF
_bBAX
100 _aBaxter,John
245 4 _aThe Hermes Fall
_cJohn Baxter
260 _aLondon
_bGranada Publishing
_c1978
300 _a271 p.
650 _aFiction in English
850 _aLCLIB
942 _cBK
999 _c16256
_d66735